A practical grammar for classical Hebrew (Record no. 3696)
[ view plain ]
| 000 -LEADER | |
|---|---|
| fixed length control field | 00600cam a2200229I 4500 |
| 001 - CONTROL NUMBER | |
| control field | 183640 |
| 003 - CONTROL NUMBER IDENTIFIER | |
| control field | OCoLC |
| 005 - DATE AND TIME OF LATEST TRANSACTION | |
| control field | 20190124131026.0 |
| 008 - FIXED-LENGTH DATA ELEMENTS--GENERAL INFORMATION | |
| fixed length control field | 790809s1959 enk 000 0 eng |
| 010 ## - LIBRARY OF CONGRESS CONTROL NUMBER | |
| LC control number | 59001200 |
| 015 ## - NATIONAL BIBLIOGRAPHY NUMBER | |
| National bibliography number | GB59-2674 |
| 040 ## - CATALOGING SOURCE | |
| Original cataloging agency | DLC |
| Transcribing agency | DLC |
| Modifying agency | UKM |
| -- | UBA |
| -- | OCLCQ |
| -- | CIN |
| 050 0# - LIBRARY OF CONGRESS CALL NUMBER | |
| Classification number | PJ4567 |
| Item number | .W4 1959 |
| 082 0# - DEWEY DECIMAL CLASSIFICATION NUMBER | |
| Classification number | 492.45 |
| Item number | W423P |
| 100 1# - MAIN ENTRY--PERSONAL NAME | |
| Personal name | Weingreen, J. |
| Fuller form of name | (Jacob) |
| 245 12 - TITLE STATEMENT | |
| Title | A practical grammar for classical Hebrew |
| 250 ## - EDITION STATEMENT | |
| Edition statement | 2d ed |
| 260 ## - PUBLICATION, DISTRIBUTION, ETC. | |
| Place of publication, distribution, etc. | Oxford : |
| Name of publisher, distributor, etc. | Clarendon Press, |
| Date of publication, distribution, etc. | 1959 |
| 300 ## - PHYSICAL DESCRIPTION | |
| Extent | xii, 316 p. |
| Dimensions | 23 cm |
| 650 #0 - SUBJECT ADDED ENTRY--TOPICAL TERM | |
| Topical term or geographic name entry element | Hebrew language |
| General subdivision | Grammar |
| 942 ## - ADDED ENTRY ELEMENTS (KOHA) | |
| Source of classification or shelving scheme | Dewey Decimal Classification |
| Koha item type | Books |
| Withdrawn status | Lost status | Source of classification or shelving scheme | Damaged status | Not for loan | Collection code | Home library | Current library | Shelving location | Date acquired | Cost, normal purchase price | Total Checkouts | Full call number | Barcode | Date last seen | Price effective from | Koha item type |
|---|---|---|---|---|---|---|---|---|---|---|---|---|---|---|---|---|
| Dewey Decimal Classification | Non-fiction | Harvest Mission College | Harvest Mission College | General Stacks | 16.11.2018 | 150.00 | 492.45 W423P | 004253 | 16.11.2018 | 16.11.2018 | Books | |||||
| Dewey Decimal Classification | Non-fiction | Harvest Mission College | Harvest Mission College | General Stacks | 16.11.2018 | 150.00 | 492.45 W423P | 012025 | 27.02.2021 | 16.11.2018 | Books |
